Animal Themed DC Characters - Statistics

General Stats
  • This quiz has been taken 160 times
  • The average score is 19 of 58
Answer Stats
Alter Ego DC Character Name % Correct
Bruce Wayne Batman
98%
Damian Wayne Robin
93%
Selina Kyle Catwoman
89%
Barbara Gordon Batgirl
84%
Kate Kane Batwoman
79%
Oswald Cobblepot Penguin
76%
Hank Hall Hawk
72%
Tim Drake Red Robin
72%
Dr. Kirk Langstrom Man-Bat
70%
Waylon Jones Killer Croc
68%
Ted Kord Blue Beetle
66%
Kendra Saunders Hawkgirl
66%
Carter Hall Hawkman
65%
Barbara Ann Minerva Cheetah
62%
Dinah Drake Lance Black Canary
56%
Rachel Roth Raven
53%
Nanaue King Shark
48%
Luke Fox Batwing
46%
Ted Grant Wildcat
46%
Dawn Granger Dove
45%
Thomas Blake Catman
43%
Eduardo Flamingo Flamingo
39%
Garfield Lynns Firefly
36%
Thomas Wayne Jr. Owlman
30%
Ben Turner Bronze Tiger
28%
Karen Beecher-Duncan Bumblebee
28%
Drury Walker Killer Moth
28%
Lazlo Valentin Professor Pyg
28%
David Hyde Black Manta
27%
Harper Row Bluebird
22%
Otis Flannegan Ratcatcher
21%
Warren White Great White Shark
19%
Bette Kane Flamebird
18%
Margaret Pye Magpie
16%
Derrick Coe Black Spider
12%
Jay Abrams Bluejay
12%
Nathan Prince Copperhead
11%
Zinda Blake Lady Blackhawk
11%
Anthony Lupus Werewolf
11%
Jaina Hudson White Rabbit
11%
Daniel Dreiberg Nite Owl
10%
Ryan Kendall Black Condor
9%
Vanessa Kapatelis Silver Swan
9%
Hugh Dawkins Tasmanian Devil
9%
John Monroe Weasel
9%
Tazzala Beatriz Orca
8%
Jack Wheeler Wild Dog
8%
Jacob Baker Zebra-Man
8%
Sir Edmund Dorrance King Snake
7%
Catalina Marie Flores Tarantula
7%
Vivian D'Armis Crimson Fox
6%
Jeffrey Burr Kobra
5%
Rosabelle Mendez Pantha
5%
Evan Blake Wolf Spider
5%
David Hersch Cicada
4%
Charley Parker Golden Eagle
4%
Jai West The Turtle
3%
Thomas Bronson Tomcat
3%
No matching quizzes found
Score Distribution
Percent of People with Each Score
Percentile by Number Answered
Your Score History
You have not taken this quiz